000 00275nam a2200121Ia 4500
008 211105s9999 xx 000 0 und d
020 _aVYASA13251
100 _aSingh Inderbir
245 0 _aTextbook Of Human Histology
250 _a5th
260 _bJaypee
_c\N
300 _a320
999 _c9751
_d9751